[Event "AUTO-ELITE-2452"]
[Site "http://www.queenalice.com/game.php?id=1807056"]
[Date "2023.3.1"]
[Round "2"]
[White "serinha"]
[Black "DocSportello"]
[Result "0-1"]
[WhiteElo "2712"]
[BlackElo "2586"]

1. Nh3 d5 2. g3 c5 3. f4 Nc6 4. Bg2 h5 5. d3 h4 6. Nd2 e5 7. e4 Nf6 8. Nf2 exf4
9. gxf4 h3 10. Bf3 Be6 11. f5 Bd7 12. exd5 Qe7+ 13. Nfe4 Nxd5 14. Nc4 O-O-O 15.
Nd6+ Kb8 16. c4 Qh4+ 17. Kf1 Nf4 18. Nxf7 Be7 19. Nxh8 Bxf5 20. Nf7 Bxe4 21.
Bxe4 Rf8 22. Qe1 Qf6 23. Qg3 Bd6 24. Nxd6 Nh5+ 25. Qf3 Qxd6 26. Bxc6 bxc6 27.
Qxf8+ Qxf8+ 28. Ke2 Qf5 29. Be3 Qe5 30. Raf1 g5 31. Kf3 Nf6 32. Rfg1 g4+ 33. Ke2
Kc8 34. b3 Nd7 35. Rb1 Nf8 36. Kd2 Ng6 37. Bf2 Qf4+ 38. Be3 Qd6 39. Kc2 Ne5 40.
Rbd1 Nf3 0-1

[Event "AUTO-MASTER-3143"]
[Site "http://www.queenalice.com/game.php?id=1808845"]
[Date "2023.3.29"]
[Round "2"]
[White "Takeda"]
[Black "DocSportello"]
[Result "0-1"]
[WhiteElo "1938"]
[BlackElo "2546"]

1. e4 c5 2. Nf3 d6 3. d4 cxd4 4. Qxd4 Nf6 5. e5 Nc6 6. Bb5 Qa5+ 7. Nc3 Qxb5 8.
Nxb5 Nxd4 9. Nfxd4 dxe5 10. Nf3 Nd5 11. Nxe5 a6 12. Nd4 f6 13. Nc4 e5 14. Nb3
Be6 15. Ne3 Bb4+ 16. c3 Nxc3 17. bxc3 Bxc3+ 18. Ke2 Bxb3 19. axb3 Bxa1 20. Ba3
Bd4 21. Nd5 Rc8 22. Rc1 Rxc1 23. Bxc1 Kf7 24. f3 Rd8 25. Nb4 a5 26. Nc2 Rc8 0-1

[Event "AUTO-MASTER-3143"]
[Site "http://www.queenalice.com/game.php?id=1808846"]
[Date "2023.3.29"]
[Round "2"]
[White "DocSportello"]
[Black "Takeda"]
[Result "1-0"]
[WhiteElo "2547"]
[BlackElo "1917"]

1. d4 g6 2. c4 Bg7 3. e4 d6 4. Nf3 Nf6 5. Nc3 O-O 6. Be2 b6 7. h3 Bb7 8. Qc2 Na6
9. Bg5 Nb4 10. Qb1 Nc6 11. d5 Ne5 12. Nxe5 dxe5 13. O-O c6 14. Rd1 cxd5 15. exd5
Rc8 16. a4 Nd7 17. a5 f6 18. Be3 f5 19. a6 Ba8 20. Nb5 Nc5 21. Nxa7 Rc7 22. b4
Ne4 23. Nc6 Bxc6 24. dxc6 Qb8 25. c5 Nc3 26. Qb3+ 1-0

[Event "AUTO-MASTER-3143"]
[Site "http://www.queenalice.com/game.php?id=1808849"]
[Date "2023.3.29"]
[Round "2"]
[White "DocSportello"]
[Black "raulzampronha"]
[Result "1-0"]
[WhiteElo "2571"]
[BlackElo "2215"]

1. c4 Nf6 2. Nf3 e6 3. g3 d5 4. d4 Be7 5. Bg2 O-O 6. O-O dxc4 7. Ne5 Nc6 8. Bxc6
bxc6 9. Nxc6 Qe8 10. Nxe7+ Qxe7 11. Qc2 e5 12. dxe5 Qxe5 13. Re1 Be6 14. Nc3
Rab8 15. Bf4 Qc5 16. Rad1 h6 17. Be3 Qa5 18. Bd4 Nd5 19. Nxd5 Bxd5 20. Qf5 Rb5
21. Qg4 f6 22. e4 h5 23. Qd7 Bf7 24. Bc3 Qb6 25. a4 Rg5 26. a5 Qb7 27. Qe7 Re8
28. Rd8 Rxd8 29. Qxd8+ Kh7 30. Qe7 Kg8 31. Rd1 Qc6 32. Rd8+ 1-0

[Event "AUTO-MASTER-3143"]
[Site "http://www.queenalice.com/game.php?id=1808850"]
[Date "2023.3.29"]
[Round "2"]
[White "raulzampronha"]
[Black "DocSportello"]
[Result "1/2-1/2"]
[WhiteElo "2253"]
[BlackElo "2579"]

1. d4 Nf6 2. c4 e6 3. Nf3 d5 4. Nc3 Bb4 5. Bg5 h6 6. Bxf6 Qxf6 7. Qb3 c5 8. e3
O-O 9. cxd5 exd5 10. dxc5 Bxc3+ 11. Qxc3 Qxc3+ 12. bxc3 Nd7 13. Rd1 Nf6 14. c4
Be6 15. Nd4 Rfc8 16. Nxe6 fxe6 17. cxd5 Nxd5 18. Rc1 Rc7 19. Be2 Rac8 20. Kd2
Rxc5 21. Rxc5 Rxc5 22. Rc1 Rxc1 23. Kxc1 Kf7 24. Kc2 Ke7 25. a3 Kd6 26. g3 a5
27. e4 Nc7 28. f4 e5 29. Kd2 b5 30. Ke3 b4 31. axb4 axb4 32. Bc4 Ne8 33. Be2 b3
34. Kd3 Nc7 35. Kc3 Ne6 36. Bc4 exf4 37. Bxe6 fxg3 38. Bh3 gxh2 39. Bg2 Ke5 40.
Kxb3 h5 41. Kc3 g5 42. Kd3 g4 43. Ke3 h4 44. Kf2 Kf4 45. e5 g3+ 46. Kf1 Kxe5 47.
Bb7 h3 1/2-1/2

[Event "AUTO-ELITE-2454"]
[Site "http://www.queenalice.com/game.php?id=1809508"]
[Date "2023.4.7"]
[Round "2"]
[White "jcharro1979"]
[Black "DocSportello"]
[Result "0-1"]
[WhiteElo "2330"]
[BlackElo "2548"]

1. e4 c5 2. Nf3 Nc6 3. d4 cxd4 4. Nxd4 Nf6 5. Nc3 e5 6. Ndb5 d6 7. Bg5 a6 8. Na3
b5 9. Nd5 Be7 10. Bxf6 Bxf6 11. c3 Be6 12. Nxf6+ Qxf6 13. Qxd6 Ne7 14. Nxb5 axb5
15. Bxb5+ Kf8 16. Rd1 g5 17. a4 Kg7 18. O-O h5 19. c4 Rac8 20. c5 h4 21. f3 h3
22. g3 Rhd8 23. Qxd8 Rxd8 24. Rxd8 Nc6 25. Rdd1 Nd4 26. b4 g4 27. Rd3 gxf3 28.
Kf2 Qg6 29. Re3 Nc2 30. Rxf3 Qxe4 31. Bd3 Qxb4 0-1

[Event "AUTO-ELITE-2454"]
[Site "http://www.queenalice.com/game.php?id=1809509"]
[Date "2023.4.7"]
[Round "2"]
[White "DocSportello"]
[Black "jcharro1979"]
[Result "1-0"]
[WhiteElo "2552"]
[BlackElo "2325"]

1. d4 d5 2. c4 e6 3. Nc3 Nf6 4. cxd5 exd5 5. Bg5 Be7 6. e3 c6 7. Bd3 Nbd7 8. Nf3
O-O 9. O-O h6 10. Bf4 Nh5 11. Be5 Nxe5 12. dxe5 Bg4 13. h3 Bxf3 14. Qxf3 g6 15.
e4 d4 16. Ne2 Qd7 17. Nf4 Nxf4 18. Qxf4 Kh7 19. Qg3 c5 20. a4 Rac8 21. b3 a6 22.
a5 Rfe8 23. f4 Kg7 24. f5 Bg5 25. Kh1 Qc7 26. h4 Be3 27. fxg6 fxg6 28. Rf6 g5
29. Raf1 Rf8 30. Bc4 Rxf6 31. exf6+ 1-0

[Event "AUTO-OPEN-4409"]
[Site "http://www.queenalice.com/game.php?id=1810325"]
[Date "2023.4.21"]
[Round "2"]
[White "Rocio"]
[Black "DocSportello"]
[Result "0-1"]
[WhiteElo "1440"]
[BlackElo "2553"]

1. d3 d5 2. a3 Nf6 3. h3 c5 4. Bf4 Nc6 5. Nc3 e5 6. Bg5 d4 7. Na4 b5 8. Nxc5
Bxc5 9. b4 Be7 10. e4 dxe3 11. Bxe3 O-O 12. Nf3 Bb7 13. Be2 Nd5 14. Qd2 Ncxb4
15. axb4 Bxb4 16. Bg5 Bxd2+ 17. Kxd2 Qd6 18. Ra5 Qb4+ 19. Kd1 Qxa5 20. Bd2 Qa1+
21. Bc1 Nc3+ 22. Kd2 Nxe2 23. Kxe2 Bxf3+ 24. Kxf3 Rfc8 25. Kg3 Rxc2 26. Re1 Rxc1
27. Rxe5 Qxe5+ 28. f4 Qe3+ 29. Kg4 Rf1 30. g3 Qf3+ 31. Kh4 Rg1 32. Kg5 Qxg3+ 33.
Kf5 Rf1 34. Ke4 Qxf4+ 35. Kd5 Rc1 36. d4 Rd8# 0-1

[Event "AUTO-OPEN-4409"]
[Site "http://www.queenalice.com/game.php?id=1810326"]
[Date "2023.4.21"]
[Round "2"]
[White "DocSportello"]
[Black "Rocio"]
[Result "1-0"]
[WhiteElo "2552"]
[BlackElo "1442"]

1. d4 d5 2. c4 e6 3. Nc3 a6 4. Nf3 Bb4 5. e3 h6 6. Bd3 Nf6 7. O-O Bd6 8. e4 Ng4
9. e5 Be7 10. h3 Nxf2 11. Rxf2 g5 12. Qb3 Bd7 13. Qxb7 Nc6 14. Qb3 Rb8 15. Qc2
g4 16. hxg4 dxc4 17. Bxc4 h5 18. Qe4 Nb4 19. a3 Bc6 20. Qf4 Nd5 21. Bxd5 exd5
22. Ng5 Rf8 23. Nh7 f6 24. Nxf8 Kxf8 25. Qh6+ Ke8 26. e6 Bf8 27. Qg6+ Ke7 28.
Qxf6+ Kd6 29. e7+ Kd7 30. exd8=Q+ Rxd8 31. Qf5+ Ke7 32. Re2+ Kd6 33. Bf4# 1-0

[Event "AUTO-MASTER-3142"]
[Site "http://www.queenalice.com/game.php?id=1810925"]
[Date "2023.4.30"]
[Round "2"]
[White "raulzampronha"]
[Black "DocSportello"]
[Result "0-1"]
[WhiteElo "2223"]
[BlackElo "2572"]

1. d4 Nf6 2. c4 e6 3. Nc3 Bb4 4. a3 Bxc3+ 5. bxc3 Nc6 6. Nf3 Ne4 7. Qc2 f5 8. e3
b6 9. Bd3 O-O 10. Bxe4 fxe4 11. Qxe4 Ba6 12. Nd2 Na5 13. d5 Qg5 14. dxe6 Bb7 15.
h4 Qf6 0-1

[Event "AUTO-MASTER-3142"]
[Site "http://www.queenalice.com/game.php?id=1810926"]
[Date "2023.4.30"]
[Round "2"]
[White "DocSportello"]
[Black "raulzampronha"]
[Result "1-0"]
[WhiteElo "2577"]
[BlackElo "2255"]

1. d4 d5 2. c4 e6 3. Nc3 Nf6 4. Nf3 Bb4 5. Qa4+ Nc6 6. e3 O-O 7. Bd2 a6 8. a3
Bxc3 9. Bxc3 Ne4 10. Qc2 Nxc3 11. Qxc3 Rb8 12. cxd5 exd5 13. Bxa6 bxa6 14. Qxc6
Rxb2 15. O-O Rb6 16. Qc5 Re8 17. Rfc1 Re7 18. Ne5 Bb7 19. h4 h6 20. Rab1 g6 21.
a4 1-0

[Event "AUTO-MASTER-3142"]
[Site "http://www.queenalice.com/game.php?id=1810927"]
[Date "2023.4.30"]
[Round "2"]
[White "Kapablanca"]
[Black "DocSportello"]
[Result "0-1"]
[WhiteElo "2063"]
[BlackElo "2576"]

1. d4 Nf6 2. c4 e6 3. Nc3 Bb4 4. Nf3 O-O 5. Bd2 b6 6. e3 c5 7. Be2 cxd4 8. exd4
Be7 9. O-O Bb7 10. Be3 d5 11. cxd5 Nxd5 12. Nxd5 Bxd5 13. Ne5 Nd7 14. Bf3 Nf6
15. Bxd5 Qxd5 16. Qf3 Rad8 17. Qxd5 Nxd5 18. Nc6 Rd7 19. a3 Bd6 20. Bd2 Rc7 21.
Ne5 Bxe5 22. dxe5 Rc2 23. Bb4 Rfc8 24. Rfb1 g5 25. Be1 Kg7 26. b4 Kg6 27. Kf1 h5
28. g3 Kf5 0-1

[Event "AUTO-MASTER-3142"]
[Site "http://www.queenalice.com/game.php?id=1810928"]
[Date "2023.4.30"]
[Round "2"]
[White "DocSportello"]
[Black "Kapablanca"]
[Result "1-0"]
[WhiteElo "2570"]
[BlackElo "2156"]

1. Nf3 e6 2. g3 d5 3. Bg2 f5 4. c4 c6 5. O-O Nf6 6. d3 Bd6 7. Nc3 O-O 8. e4 fxe4
9. dxe4 dxe4 10. Ng5 e5 11. c5 Bc7 12. Qb3+ Nd5 13. Bxe4 h6 14. Nxd5 1-0

[Event "AUTO-ELITE-2457"]
[Site "http://www.queenalice.com/game.php?id=1811323"]
[Date "2023.5.6"]
[Round "2"]
[White "Sexxy_Bunny"]
[Black "DocSportello"]
[Result "1/2-1/2"]
[WhiteElo "2736"]
[BlackElo "2573"]

1. e4 e5 2. Nf3 Nc6 3. Bb5 Nf6 4. O-O Nxe4 5. d4 Nd6 6. Bxc6 dxc6 7. dxe5 Nf5 8.
Qxd8+ Kxd8 9. Nc3 Bd7 10. h3 h6 11. b3 c5 12. Rd1 Kc8 13. Nd5 a5 14. a4 Ne7 15.
c4 Bf5 16. Ra2 Ra6 17. Nc3 Re6 18. Re2 g5 19. Bb2 Bg7 20. Ne4 b6 21. g4 Bxe4 22.
Rxe4 Ng6 23. Re3 Rhe8 24. Rde1 Rd8 25. Kh2 Bf8 26. Bc3 Ree8 27. Kg3 Be7 28. Ng1
Kd7 29. Ne2 Rf8 30. Rd1+ Ke6 31. Red3 Rxd3+ 32. Rxd3 Rh8 33. Kf3 h5 34. Ng3
hxg4+ 35. hxg4 Rh2 36. Rd5 Bf8 37. Rd8 Be7 38. Rd1 Bf8 39. Ke3 Rh3 40. Rd8 Be7
41. Rd5 Bf8 42. Rd8 Be7 43. Rd5 Bf8 44. Ke4 Rh2 45. Kf3 Rh3 46. Ke3 1/2-1/2

[Event "AUTO-ELITE-2457"]
[Site "http://www.queenalice.com/game.php?id=1811324"]
[Date "2023.5.6"]
[Round "2"]
[White "DocSportello"]
[Black "Sexxy_Bunny"]
[Result "1/2-1/2"]
[WhiteElo "2572"]
[BlackElo "2733"]

1. d4 Nf6 2. c4 e6 3. Nf3 d5 4. Nc3 c6 5. e3 Nbd7 6. Qc2 Bd6 7. Bd3 O-O 8. O-O
dxc4 9. Bxc4 a6 10. Rd1 b5 11. Bd3 Qc7 12. Bd2 c5 13. Ne4 c4 14. Nxd6 Qxd6 15.
Be2 Bb7 16. b3 Rfc8 17. bxc4 bxc4 18. Rdc1 Bd5 19. Be1 Rc6 20. Nd2 c3 21. Nb1
Be4 22. Bd3 Bxd3 23. Qxd3 Ne5 24. Qe2 Neg4 25. g3 e5 26. Nxc3 exd4 27. Rd1 Rac8
28. Rxd4 Qe6 29. Nd5 Rc2 30. Nxf6+ Nxf6 31. Rd8+ Rxd8 32. Qxc2 Rc8 33. Qb3 Qf5
34. Rd1 h5 35. h4 Qf3 36. a4 Ne4 37. Rb1 Rd8 38. Qb7 Kh7 39. Qxa6 Rd2 40. Qf1
Ra2 41. Qg2 Qxg2+ 42. Kxg2 Rxa4 43. Rd1 Ra6 44. Rd4 Ra1 45. Kf1 Nf6 46. Ke2 Ng8
47. Rd5 Kg6 48. Rg5+ Kh6 49. Ra5 Rxa5 50. Bxa5 Kg6 51. Kf3 Ne7 52. Kf4 f6 53. e4
Nc6 54. Bc3 Nd8 55. g4 hxg4 56. Kxg4 Kf7 57. h5 Ke6 58. f4 Kf7 59. Bd4 Nc6 60.
Bc3 Na7 61. f5 Nb5 62. Ba1 Na7 63. Kf4 Nc6 64. Bc3 Kg8 65. h6 Nd8 66. Ke3 Kh7
67. hxg7 Kxg7 68. Kd4 Kf7 69. Kd5 Ke7 70. Ba5 Nf7 71. Bb4+ Kd7 72. Bc3 Ke7 73.
Bb2 Nh6 74. Bd4 Nf7 75. Bb2 Ng5 76. Bd4 Kf7 77. Bb2 Nf3 78. Bd4 Ke7 79. Bb2 Ng5
80. Bd4 Nf7 81. Bb2 1/2-1/2

[Event "AUTO-ELITE-2456"]
[Site "http://www.queenalice.com/game.php?id=1828448"]
[Date "2024.1.3"]
[Round "2"]
[White "DocSportello"]
[Black "acid"]
[Result "1/2-1/2"]
[WhiteElo "2639"]
[BlackElo "2757"]

1. d4 d5 2. c4 e6 3. Nc3 Nf6 4. cxd5 exd5 5. Bg5 Be7 6. e3 O-O 7. Bd3 h6 8. Bh4
c6 9. Nge2 Nbd7 10. O-O a5 11. Qc2 Re8 12. h3 Nh5 13. Bxe7 Qxe7 14. Bh7+ Kh8 15.
Bd3 Kg8 16. Rae1 Ndf6 17. Qd2 g6 18. Bc2 Ng7 19. Ng3 h5 20. e4 dxe4 21. Ngxe4
Bf5 22. Ng5 Qd6 23. Bb3 Ne6 24. Bxe6 Bxe6 25. Re5 Nd7 26. Re3 Bf5 27. Nge4 Bxe4
28. Nxe4 Qb4 29. Qe2 Re6 30. Ng5 Rxe3 31. fxe3 Rf8 32. Qf2 Qe7 33. Qf4 f5 34.
Nf3 Re8 35. Qg3 Qxe3+ 36. Kh1 Qh6 37. Re1 Rxe1+ 38. Qxe1 Nf8 39. b3 g5 40. Qd2
Kg7 41. Nxg5 Kg6 42. h4 Ne6 43. d5 Nxg5 44. dxc6 bxc6 1/2-1/2

[Event "AUTO-ELITE-2456"]
[Site "http://www.queenalice.com/game.php?id=1828449"]
[Date "2024.1.3"]
[Round "2"]
[White "acid"]
[Black "DocSportello"]
[Result "1/2-1/2"]
[WhiteElo "2759"]
[BlackElo "2637"]

1. c4 e5 2. g3 Nf6 3. Bg2 Bc5 4. d3 O-O 5. Nf3 Nc6 6. O-O d5 7. cxd5 Nxd5 8. Nc3
h6 9. Nxd5 Qxd5 10. a3 a5 11. Bd2 Rd8 12. Bc3 Qe6 13. Qc2 Qe7 14. Rfc1 Bb6 15.
Nd2 Qf6 16. Ne4 Qe7 17. Rab1 a4 18. Nd2 Qc5 19. Ne4 Qe7 20. Nd2 Qc5 21. e3 Be6
22. Nc4 Bf5 23. Bf1 Qxc4 24. dxc4 Bxc2 25. Rxc2 Ba5 26. Bg2 Bxc3 27. bxc3 Na5
28. Bxb7 Rab8 29. Rb5 Nxb7 30. Rcb2 Rd1+ 31. Kg2 Ra1 32. Rxb7 Rxb7 33. Rxb7 Rxa3
34. Rxc7 Rxc3 35. c5 a3 36. Ra7 h5 37. h4 Rxc5 1/2-1/2